| Поле | Инд. | ПП | Название | Значение |
|---|---|---|---|---|
| Тип записи | a | |||
| Библиографический уровень | b | |||
| 001 | Контрольный номер | RU/IS/BASE/386435063 | ||
| 005 | Дата корректировки | 20200522191518.9 | ||
| 008 | Кодируемые данные | 20120330 | ||
| 084 | a | Индекс другой классификации/Индекс ББК | 65.291.218.1 | |
| 100 | 1_ | a | Автор | Сушенцев Я. |
| 245 | a | Заглавие | Реструктуризация: сущность и факторы влияния | |
| 504 | a | Библиография | Библиогр. | |
| 520 | a | Аннотация | Рассмотрена необходимость и сущность процесса реструктуризации в российских компаниях. В частности, приведены и проанализированы примеры различных предприятий... Представлена зависимость реструктуризации... компаний от особенностей процессов интеграции и модернизации российской экономики. | |
| 650 | a | Основная рубрика | менеджмент (управление предприятием) | |
| a | Основная рубрика | экономика | ||
| a | Основная рубрика | экономика предприятия | ||
| 653 | a | Ключевые слова | банкротство | |
| a | Ключевые слова | интеграция предприятий | ||
| a | Ключевые слова | металлургический комплекс | ||
| a | Ключевые слова | металлургия | ||
| a | Ключевые слова | модернизация производства | ||
| a | Ключевые слова | модернизация экономики | ||
| a | Ключевые слова | промышленность | ||
| a | Ключевые слова | реструктуризация предприятия | ||
| a | Ключевые слова | Россия | ||
| 773 | t | Заглавие источника | РИСК: ресурсы, информация, снабжение, конкуренция | |
| d | Дата издания источника | 2011 | ||
| g | Прочая информация | № 4. - С. 340 - 343 | ||
| w | Контрольный № источника | RU/IS/BASE/384345860 | ||
| 901 | t | Тип документа | b |